2020 Thomas' Sentencing Referencer (Record no. 54)
[ view plain ]
| 000 -LEADER | |
|---|---|
| fixed length control field | 00685nam a22001937a 4500 |
| 005 - DATE AND TIME OF LATEST TRANSACTION | |
| control field | 20241018133825.0 |
| 007 - PHYSICAL DESCRIPTION FIXED FIELD--GENERAL INFORMATION | |
| fixed length control field | xiii, 445p |
| 008 - FIXED-LENGTH DATA ELEMENTS--GENERAL INFORMATION | |
| fixed length control field | 241018b |||||||| |||| 00| 0 eng d |
| 020 ## - INTERNATIONAL STANDARD BOOK NUMBER | |
| International Standard Book Number | 9780414072350 |
| 050 ## - LIBRARY OF CONGRESS CALL NUMBER | |
| Classification number | KD8406 |
| Item number | .HAR |
| 100 ## - MAIN ENTRY--PERSONAL NAME | |
| Personal name | Dr. Lyndon Harris |
| 245 ## - TITLE STATEMENT | |
| Title | 2020 Thomas' Sentencing Referencer |
| Statement of responsibility, etc. | Dr. Lyndon Harris |
| 260 ## - PUBLICATION, DISTRIBUTION, ETC. | |
| Place of publication, distribution, etc. | Thomson Reuters and Sweet & Maxwell |
| Date of publication, distribution, etc. | c.2019 |
| 300 ## - PHYSICAL DESCRIPTION | |
| Extent | xiii, 445p. |
| Other physical details | Illustrations and Index |
| Dimensions | 23.5cm |
| 500 ## - GENERAL NOTE | |
| General note | An essential resource for those working in the criminal courts. |
| 650 ## - SUBJECT ADDED ENTRY--TOPICAL TERM | |
| Source of heading or term | Sentencing Referencer |
| Topical term or geographic name entry element | Reference |
| Form subdivision | Sentencing |
| 700 ## - ADDED ENTRY--PERSONAL NAME | |
| Personal name | Dr. Lyndon Harris |
| Titles and other words associated with a name | 2020 Thomas' Sentencing Referencer |
| 942 ## - ADDED ENTRY ELEMENTS (KOHA) | |
| Source of classification or shelving scheme | Library of Congress Classification |
| Koha item type | Books |
| Edition | 14th ed |
| Suppress in OPAC | No |
| 999 ## - | |
| -- | 54 |
| -- | 54 |
| Withdrawn status | Lost status | Source of classification or shelving scheme | Damaged status | Use restrictions | Not for loan | Collection | Home library | Current library | Shelving location | Date acquired | Total checkouts | Full call number | Barcode | Date last seen | Copy number | Price effective from | Koha item type |
|---|---|---|---|---|---|---|---|---|---|---|---|---|---|---|---|---|---|
| Library of Congress Classification | Non-fiction | Law Library (Christ Temple) | Law Library (Christ Temple) | General stacks | 02/20/2025 | KD8406 HAR | LLCT00000465 | 02/20/2025 | 2 | 02/20/2025 | Books | ||||||
| Library of Congress Classification | Non-fiction | Law Library (Kumasi) | Law Library (Kumasi) | General stacks | 05/05/2025 | KD8406 Har | LLK00000120 | 05/05/2025 | 3 | 05/05/2025 | Books | ||||||
| Library of Congress Classification | Restricted access | Non-fiction | Law Library (Miotso) | Law Library (Miotso) | Reference | 10/18/2024 | KD8406.HAR | llm00000149 | 10/18/2024 | 1 | 10/18/2024 | Books |